000 00623nam a2200253 a 4500
003 AR-BaBNM
005 20251128204457.0
008 082120s2002 ||||||||||||||000 | spa||
040 _cAR-BaBNM
100 1 _aStevens, R.W.
245 0 0 _aAlhajas sencillas
260 _aBuenos Aires
_bKapelusz
_c1973
300 _a84 p.
_bil., láms.
490 0 _aCómo hacer
650 4 _aARTE
650 4 _aARTESANIAS
650 4 _aEDUCACION ARTISTICA
650 4 _aTRABAJO ARTISTICO DEL METAL
650 4 _aJOYAS
653 _aMANUALIDADES
700 1 _aStock, Yolanda K. de
_etraductor
942 _cBK
998 _cEnrique
999 _c7574
_d7574